<?xml version="1.0" encoding="UTF-8"?>
<record
    xmlns:xsi="http://www.w3.org/2001/XMLSchema-instance"
    xsi:schemaLocation="http://www.loc.gov/MARC21/slim http://www.loc.gov/standards/marcxml/schema/MARC21slim.xsd"
    xmlns="http://www.loc.gov/MARC21/slim">

  <leader>01034nam a2200241Ia 4500</leader>
  <controlfield tag="001">3042</controlfield>
  <controlfield tag="003">GE_BSU</controlfield>
  <controlfield tag="008">181216s||||||||xx |||||||||||||| ||und||</controlfield>
  <datafield tag="020" ind1=" " ind2=" ">
    <subfield code="a">571330938&#x425;</subfield>
  </datafield>
  <datafield tag="040" ind1=" " ind2=" ">
    <subfield code="c">GE_BSU</subfield>
  </datafield>
  <datafield tag="080" ind1=" " ind2=" ">
    <subfield code="a">33(038)+336</subfield>
  </datafield>
  <datafield tag="245" ind1=" " ind2=" ">
    <subfield code="a">&#x422;&#x43E;&#x43B;&#x43A;&#x43E;&#x432;&#x44B;&#x439;   &#x42D;&#x43A;&#x43E;&#x43D;&#x43E;&#x43C;&#x438;&#x447;&#x447;&#x435;&#x441;&#x43A;&#x438;&#x439; &#x438; &#x444;&#x438;&#x43D;&#x430;&#x43D;&#x441;&#x43E;&#x432;&#x44B;&#x439;   &#x441;&#x43B;&#x43E;&#x432;&#x430;&#x440;&#x44C;: &#x424;&#x440;&#x430;&#x43D;&#x446;&#x443;&#x437;&#x441;&#x43A;&#x430;&#x44F;,  &#x420;&#x443;&#x441;&#x441;&#x43A;&#x430;&#x44F;,  &#x410;&#x43D;&#x433;&#x43B;&#x438;&#x439;&#x441;&#x43A;&#x430;&#x44F;,  &#x418;&#x441;&#x43F;&#x430;&#x43D;&#x441;&#x43A;&#x430;&#x44F; &#x41D;&#x435;&#x43C;&#x435;&#x446;&#x43A;&#x430;&#x44F;,  &#x442;&#x435;&#x440;&#x43C;&#x438;&#x43D;&#x43E;&#x43B;&#x433;&#x438;&#x44F; &#x434;&#x432;&#x443;&#x445; &#x442;&#x43E;&#x43C;&#x430;&#x445; G-Z=Dictionnaire &#xE9;cono,iaue et finqncier</subfield>
  </datafield>
  <datafield tag="245" ind1=" " ind2=" ">
    <subfield code="c">&#x41F;&#x43E;&#x434;.  &#x43E;&#x431;&#x449;&#x435;&#x439; &#x440;&#x435;&#x434;:  &#x41B;.&#x412;. &#x421;&#x442;&#x43F;&#x430;&#x43E;&#x432;&#x430;,  &#x440;&#x435;&#x434;. &#x412;.&#x411;. &#x420;&#x44B;&#x431;&#x430;&#x43A;&#x43E;&#x432;</subfield>
  </datafield>
  <datafield tag="250" ind1=" " ind2=" ">
    <subfield code="a">&#x422;&#x43E;&#x43C; ll</subfield>
  </datafield>
  <datafield tag="260" ind1=" " ind2=" ">
    <subfield code="a">&#x41C;&#x43E;&#x441;&#x43A;&#x432;&#x430;</subfield>
  </datafield>
  <datafield tag="260" ind1=" " ind2=" ">
    <subfield code="b">&#x41C;&#x435;&#x436;&#x434;&#x443;&#x43D;&#x430;&#x440;&#x43E;&#x434;&#x43D;&#x44B;&#x435; &#x41E;&#x442;&#x43D;&#x43E;&#x448;&#x435;&#x43D;&#x438;&#x44F;</subfield>
  </datafield>
  <datafield tag="260" ind1=" " ind2=" ">
    <subfield code="c">1997</subfield>
  </datafield>
  <datafield tag="300" ind1=" " ind2=" ">
    <subfield code="a">784 &#x441;&#x442;.  21 &#x441;&#x43C;.</subfield>
  </datafield>
  <datafield tag="541" ind1=" " ind2=" ">
    <subfield code="h">24 &#x41B;.30 &#x422;.</subfield>
  </datafield>
  <datafield tag="653" ind1=" " ind2=" ">
    <subfield code="a">&#x420;&#x443;&#x441;&#x441;&#x43A;&#x430;&#x44F;, &#x410;&#x43D;&#x433;&#x43B;&#x438;&#x439;&#x441;&#x43A;&#x430;&#x44F;,  &#x418;&#x441;&#x43F;&#x430;&#x43D;&#x441;&#x43A;&#x430;&#x44F;  &#x41D;&#x435;&#x43C;&#x435;&#x446;&#x43A;&#x430;&#x44F;,</subfield>
  </datafield>
  <datafield tag="653" ind1=" " ind2=" ">
    <subfield code="a">&#x422;&#x43E;&#x43B;&#x43A;&#x43E;&#x432;&#x44B;&#x439;   &#x42D;&#x43A;&#x43E;&#x43D;&#x43E;&#x43C;&#x438;&#x447;&#x447;&#x435;&#x441;&#x43A;&#x438;&#x439; &#x444;&#x438;&#x43D;&#x430;&#x43D;&#x441;&#x43E;&#x432;&#x44B;&#x439;   &#x441;&#x43B;&#x43E;&#x432;&#x430;&#x440;&#x44C;:</subfield>
  </datafield>
  <datafield tag="942" ind1=" " ind2=" ">
    <subfield code="c">BK</subfield>
  </datafield>
  <datafield tag="999" ind1=" " ind2=" ">
    <subfield code="c">37086</subfield>
    <subfield code="d">37086</subfield>
  </datafield>
  <datafield tag="952" ind1=" " ind2=" ">
    <subfield code="0">0</subfield>
    <subfield code="1">0</subfield>
    <subfield code="4">0</subfield>
    <subfield code="7">0</subfield>
    <subfield code="9">36712</subfield>
    <subfield code="d">2018-12-17</subfield>
    <subfield code="p">7990</subfield>
    <subfield code="r">2018-12-17</subfield>
    <subfield code="w">2018-12-17</subfield>
    <subfield code="y">BK</subfield>
    <subfield code="z">&#x10D3;&#x10D0;&#x10E0;&#x10D1;&#x10D0;&#x10D6;&#x10D8;</subfield>
  </datafield>
</record>
